Normal view MARC view

Entry Personal Name

Number of records used in: 1

001 - CONTROL NUMBER

  • control field: 10130

003 - CONTROL NUMBER IDENTIFIER

  • control field: OSt

005 - DATE AND TIME OF LATEST TRANSACTION

  • control field: 20220918110911.0

008 - FIXED-LENGTH DATA ELEMENTS

  • fixed length control field: 220918|| aca||aabn | a|a d

040 ## - CATALOGING SOURCE

  • Original cataloging agency: OSt
  • Transcribing agency: OSt

100 ## - HEADING--PERSONAL NAME

  • Personal name: शर्मा, चन्द्रिकाप्रसाद, संपा

670 ## - SOURCE DATA FOUND

  • Source citation: Work cat.: (OSt)115618: वर्मा, रामकुमार 1722, रामकुमार वर्मा नाटक रचनावली, 1992
Copyright @ Delhi University Library System